El presente medieval : Bárbaros y cruzados en la política actual /

Enregistré dans:
Détails bibliographiques
Auteur principal: Falconieri, Tommaso Di Carpegna (autor)
Format: Livre
Langue:espagnol
Publié: Barcelona, España : Icaria, 2015, c2015
Collection:(Antrazyt ; Historia) 422.
Sujets:
Tags: Ajouter un tag
Pas de tags, Soyez le premier à ajouter un tag!

MARC

LEADER 00000nam^a2200000^a^4500
001 000401197
005 20250521000000.0
009 20260310121638.705
020 |a 978-84-9888-640-5 
037 |a Acervo ITESO - Biblioteca 
041 |a ESP 
082 |a 909. 07  |b FAL 
100 |a Falconieri, Tommaso Di Carpegna  |e (autor) 
245 1 3 |a El presente medieval :  |b Bárbaros y cruzados en la política actual /  |c T.D.C. Falconieri ; tr. por Sara Alcina Zayas. 
264 4 |a Barcelona, España :  |b Icaria,  |c 2015, c2015 
300 |a 350 p. 
336 |a texto  |b txt  |2 rdacontenido 
337 |a sin mediación  |b n  |2 rdamedio 
338 |a volumen  |b nc  |2 rdasoporte 
440 1 |a (Antrazyt ;  |v 422.  |p Historia) 
500 |a Traducción de: Medioevo militante. La politica di oggi alle prese con barbari e crociati 
649 |a XX 
650 |a Política -  |x Historia 
650 |a Edad Media -  |x Tema Principal 
650 |a Historia Moderna -  |y Siglo XX 
650 |a Historia Moderna -  |y Siglo XXI -  |x Tema Principal 
910 |a Fondo General 
920 |a Impresos - Libros 
930 |a Colección General 
905 |a 101 
901 |a 0500296586  |b IT1  |c ACC  |i c153606  |u 20250521 
902 |a https://opac.biblio.iteso.mx/vufind/Record/000401197